000 00595nam a2200205 a 4500
003 DO-SdBNP
005 20210923081138.0
007 ta
008 210922e2018 dr aoc|gr|||| 001 pdspa d
020 _a9789945168686
040 _aDO-SdBNP
_bspa
_cBNPHU
082 4 _222
_bR618c
100 1 _aRivas, Yadira
_980028
245 _aCuando soy /
_cYadira Rivas
260 _aSanto Domingo :
_bDragón editorial,
_bBúho,
_c2018
300 _a125 p.:
_bil., fotogr., retr.;
_c22 cm
500 _aIncluye biografía de la autora en la cubierta.
590 _aInventariado 2021 / MF
942 _2ddc
_cLBS1
999 _c50645
_d50645